[Event "TP 40 Züge 2 Stunden"]
[Site "?"]
[Date "2009.??.??"]
[Round "?"]
[White "Lyon 68020, Mephisto"]
[Black "Atlanta, Mephisto"]
[Result "0-1"]
[WhiteElo "2169"]
[BlackElo "2195"]
[Annotator "Thomas Jaeger"]
[PlyCount "116"]
[EventDate "2009.??.??"]

1. e4 c6 2. d4 d5 3. Nc3 dxe4 4. Nxe4 Nf6 5. Nxf6+ exf6 {letzter Buchzug} 6. c3
Bd6 7. Bd3 O-O 8. Ne2 Re8 9. O-O {letzter Buchzug} c5 10. Qc2 h6 11. d5 c4 12.
Bxc4 Qc7 13. Bd3 Bxh2+ 14. Kh1 Qe5 {!?} 15. Nd4 {verrechnet sich} (15. g3 Bh3
16. Nf4 Bxf1 17. Bxf1 g5 18. Nd3 Qxd5+ 19. Kxh2 Nc6 20. Be3) 15... Qh5 16. Nf3
{jetzt sieht es der Lyon} (16. Be2 Qh4 (16... Rxe2 {!}) 17. Nf3 Qh5 18. Nd4 Qh4
19. Nf3 Qh5 20. Nd4 {Lyons Berechnung}) 16... Bd6+ 17. Kg1 Bg4 18. Bf4 Bxf3 (
18... Bxf4 19. Qa4 {!}) 19. Rfe1 Nc6 20. Bxd6 Bxg2 21. Kxg2 Qxd5+ 22. Be4 Qxd6
23. Rad1 Qc7 24. Qb3 Rad8 25. Rxd8 Nxd8 26. Kf1 Nc6 27. Bh7+ Kf8 28. Rxe8+ Kxe8
29. Be4 a6 30. Bd5 f5 31. Qc4 g5 32. Qe2+ Ne7 33. Bb3 g4 34. Kg1 g3 35. Kf1 Qf4
36. Bd5 b6 37. Bb7 Kf8 38. Bf3 Ng6 39. fxg3 Qxg3 40. Qd3 Nf4 {jetzt 60 min für
den Rest} 41. Qd8+ Kg7 42. Qd4+ Kh7 43. Bb7 b5 44. Qd2 a5 45. Bc6 b4 46. cxb4
axb4 {A -2,5 sieht Schwarz sehr klar vorne} 47. b3 {?} (47. a4 bxa3 48. bxa3)
47... Kg6 48. Qd6+ f6 49. Qd2 Kg5 50. Bb5 Qc3 51. Qxc3 bxc3 52. Ke1 h5 {! stark
} 53. Kd1 h4 54. Kc2 h3 55. Bc6 Ne2 56. Bd5 Ng3 57. Bf3 Kf4 58. Bd1 h2 0-1

[Event "TP 40 Züge 2 Stunden"]
[Site "?"]
[Date "2009.??.??"]
[Round "?"]
[White "Star Diamond, Novag"]
[Black "Lyon 68020, Mephisto"]
[Result "1/2-1/2"]
[WhiteElo "2161"]
[BlackElo "2169"]
[Annotator "Thomas Jaeger"]
[PlyCount "140"]
[EventDate "2009.??.??"]

1. d4 d5 2. c4 dxc4 3. e4 Nf6 4. e5 Nd5 5. Bxc4 Nb6 6. Bb3 Nc6 7. Nf3 Bg4 8.
Bxf7+ Kxf7 9. Ng5+ Ke8 10. Qxg4 Qxd4 11. Qe2 Qxe5 12. Be3 Nd5 13. Nf3 Qf5 14.
O-O e6 15. Nc3 Rd8 16. Rfe1 {letzter Buchzug} Nxe3 17. Qxe3 Bc5 18. Qxe6+ Qxe6
19. Rxe6+ Kd7 20. Rae1 Rhf8 21. R6e2 h6 22. a3 a5 23. Ne4 Bb6 24. Ned2 Kc8 25.
Nc4 Bc5 26. Nce5 Nd4 27. Nxd4 Rxd4 28. Kf1 h5 29. Nf3 Rc4 30. Ng5 Bd6 31. Ne4
Bf4 (31... Bxh2 32. g3 Rxe4 33. Rxe4 Bxg3 34. Re8+ Rxe8 35. Rxe8+ Kd7 36. Rh8 {
dies überlegte Lyon lange}) 32. Nd2 Rc2 33. Ne4 Rxe2 34. Kxe2 Be5 35. b3 a4 36.
bxa4 Bb2 37. Rd1 Bxa3 38. Rd5 Re8 39. Ke3 g6 40. Kf4 Bc1+ {jetzt 60 min für
den Rest} 41. Kf3 Rf8+ 42. Ke2 Bh6 43. a5 Bf4 44. g3 c6 45. Rc5 Re8 46. Kf3 Be5
47. a6 Kc7 48. axb7 Kxb7 49. Ke3 Kb6 50. Rc4 Bd6 51. f3 c5 52. Rc2 Be7 53. Rd2
Rd8 54. Rxd8 Bxd8 55. Kd3 Kb5 56. Nd6+ Kb4 57. Nc4 g5 58. f4 gxf4 59. gxf4 Bf6
60. f5 Be7 61. Nd2 Bd6 62. h3 Be7 63. Kc2 Kb5 64. Ne4 Kc6 65. f6 Bd6 66. Kd3
Kd7 67. Kc4 Ke6 68. Nxd6 Kxd6 69. f7 Ke7 70. f8=Q+ Kxf8 1/2-1/2

[Event "TP 40 Züge 2 Stunden"]
[Site "?"]
[Date "2009.??.??"]
[Round "?"]
[White "Lyon 68020, Mephisto"]
[Black "Star Diamond, Novag"]
[Result "1/2-1/2"]
[WhiteElo "2169"]
[BlackElo "2161"]
[Annotator "Thomas Jaeger"]
[PlyCount "100"]
[EventDate "2009.??.??"]

1. d4 c5 2. dxc5 e6 3. Nc3 Bxc5 4. Ne4 Nf6 5. Nxc5 Qa5+ 6. Qd2 Qxc5 7. Qg5 Qxg5
8. Bxg5 {letzter Buchzug - wieder eine sltene Eröffnung mit vielen Abtäuschen}
b6 {letzter Buchzug} 9. Bxf6 gxf6 10. Nf3 Nc6 11. Rd1 Bb7 12. c3 O-O-O 13. g3
d6 14. Bg2 Ne5 15. O-O Nxf3+ 16. exf3 Kd7 17. f4 Ba6 18. Rfe1 Rc8 19. f5 Rc5
20. Rd4 Bb5 21. Bh3 e5 22. Rh4 Bd3 23. Rd1 Bc4 24. Bf1 Rd5 25. Rxd5 Bxd5 26.
Bg2 Bxg2 27. Kxg2 d5 28. Rh6 Ke7 29. Kf3 b5 30. Ke3 a5 31. f3 b4 32. Kd3 bxc3
33. bxc3 Rb8 34. Rxh7 Rb2 35. c4 d4 36. a4 {kommt der Star langasam in Vorteil?
} Rb3+ {Tf2 ist vielleicht besser} 37. Ke2 Re3+ 38. Kf2 Ra3 39. Rh8 Rxa4 40.
Ra8 Ra2+ 41. Ke1 a4 {jetzt 60 min für den Rest} 42. Ra7+ Ke8 43. h4 Rg2 44. g4
e4 45. fxe4 Rxg4 46. Ke2 Rxe4+ 47. Kd3 Rxh4 48. Rxa4 Rf4 49. Ra7 Rxf5 50. Kxd4
Rf4+ 1/2-1/2

[Event "TP 40 Züge 2 Stunden"]
[Site "?"]
[Date "2009.??.??"]
[Round "?"]
[White "Genius 68030, Mephisto"]
[Black "Lyon 68020, Mephisto"]
[Result "0-1"]
[WhiteElo "2276"]
[BlackElo "2169"]
[Annotator "Thomas Jaeger"]
[PlyCount "120"]
[EventDate "2009.??.??"]

1. e4 c6 2. d4 d5 3. exd5 cxd5 4. Bd3 Nc6 5. c3 Nf6 6. Bf4 g6 7. h3 {letzter
Buchzug} Bg7 {letzter Buchzug} 8. Nd2 O-O 9. Ne2 Nh5 10. Bh2 a6 11. a4 Re8 12.
O-O e5 13. dxe5 Nxe5 14. Bxe5 Rxe5 15. Nf3 Re7 16. Qb3 Qd6 17. Rfe1 Be6 18.
Ned4 Nf4 19. Rad1 Rae8 20. Bc2 {der Lyon steht eher besser} Bd7 (20... Bxh3 21.
Rxe7 Rxe7 22. gxh3 Qd7 23. Bf5 gxf5 {[%emt 0:00:11] Vorschlag von Fritz}) 21.
Rxe7 Rxe7 22. a5 h6 23. Kh1 Qc7 24. Qb6 Qxb6 25. axb6 Bf6 26. h4 Ne2 27. Bb3
Bg4 28. Bxd5 Nxd4 29. cxd4 Bxh4 30. Rd2 Bf6 31. Ne5 Bxe5 32. dxe5 Rd7 33. Rd3
Bf5 34. Rd1 Be4 35. Bb3 Rxd1+ 36. Bxd1 Bd5 37. f4 f6 38. Kg1 Kf7 39. exf6 Kxf6
40. Kf2 g5 {60 min für den Rest} 41. g3 a5 42. Ke3 gxf4+ 43. gxf4 Kf5 44. Be2
Bc6 45. Bd1 Ke6 46. Kd4 Kf5 47. Ke3 Kg6 48. Kd4 h5 49. Ke5 h4 50. Bg4 Bg2 51.
f5+ Kg7 52. Kf4 {plötzlich steht Weiß auf Verlust} Kf6 53. b3 h3 54. Kg3 Kg5
55. f6 Kxf6 56. Bc8 Ke5 57. Bd7 Kd6 58. Bf5 Bd5 59. Bc2 Be6 60. Kh2 Kc6 0-1

[Event "TP 40 Züge 2 Stunden"]
[Site "?"]
[Date "2009.??.??"]
[Round "?"]
[White "Lyon 68020, Mephisto"]
[Black "Genius 68030, Mephisto"]
[Result "1/2-1/2"]
[WhiteElo "2169"]
[BlackElo "2276"]
[Annotator "Thomas Jaeger"]
[PlyCount "56"]
[EventDate "2009.??.??"]

1. e4 e6 2. Nc3 d5 3. d4 Bb4 4. e5 Ne7 5. Bd2 c5 6. a3 Bxc3 7. Bxc3 b6 8. b4
Qc7 9. Nf3 cxb4 10. Bxb4 Ba6 {letzter Buchzug} 11. Bd3 {letzter Buchzug} Bxd3
12. Qxd3 Nf5 13. O-O Nc6 14. Rfd1 Nxb4 15. axb4 O-O 16. Ra2 Rfc8 17. Rb1 Qc4
18. Rb3 a5 19. Qxc4 Rxc4 20. bxa5 bxa5 21. Rxa5 Rac8 22. g3 Nxd4 23. Nxd4 Rxd4
24. Rc5 Ra8 25. Ra3 Rb8 26. Rb3 Ra8 27. Ra3 Rb8 28. Rb3 Ra8 1/2-1/2

[Event "TP 40 Züge 2 Stunden"]
[Site "?"]
[Date "2009.??.??"]
[Round "?"]
[White "Genius 68030, Mephisto"]
[Black "Super Expert C, Novag"]
[Result "1-0"]
[WhiteElo "2276"]
[BlackElo "2002"]
[Annotator "Thomas Jaeger"]
[PlyCount "64"]
[EventDate "2009.??.??"]

1. d4 d5 2. c4 dxc4 3. Nf3 Nf6 4. e3 Bg4 5. Bxc4 e6 6. h3 Bh5 7. Nc3 Nbd7 {
letzter Buchzug} 8. g4 Bg6 9. Nh4 Be4 10. Nxe4 {letzter Buchzug} Nxe4 11. Nf3
Bb4+ 12. Kf1 Nb6 13. Bb3 Qf6 14. Bc2 Ng5 15. Ne5 {Genius sieht sich jetzt +1,00
} O-O-O {SEC sieht es nicht -0,10} 16. h4 Ne4 17. Nf3 h5 18. Bxe4 hxg4 19. Ng5
Nd5 {?} (19... Qe7 {ist sicher besser}) 20. Qxg4 Qe7 21. a3 Ba5 22. b4 Bb6 23.
Bg2 Rh6 24. Bb2 Rg6 25. Rc1 Nf6 26. Qf3 Rd5 27. Nh3 Nh5 28. Kg1 Qd7 29. e4 Rf6
30. Qd1 Rb5 31. Bc3 Ng3 32. fxg3 Rg6 {es ist eigentlich längst vorbei} 1-0

[Event "TP 40 Züge 2 Stunden"]
[Site "?"]
[Date "2009.??.??"]
[Round "?"]
[White "Super Expert C, Novag"]
[Black "Genius 68030, Mephisto"]
[Result "0-1"]
[WhiteElo "2002"]
[BlackElo "2276"]
[Annotator "Thomas Jaeger"]
[PlyCount "100"]
[EventDate "2009.??.??"]

1. e4 Nf6 2. e5 Nd5 3. d4 d6 4. Nf3 g6 5. c4 Nb6 6. exd6 cxd6 7. Be2 Bg7 8. O-O
O-O 9. Be3 Nc6 10. Nc3 Bg4 11. b3 d5 12. c5 Nc8 13. b4 a6 14. Rb1 e6 15. a4 {
letzter Buchzug} Bxf3 16. Bxf3 N8e7 17. b5 axb5 18. axb5 Na5 19. Ra1 Nf5 20.
Bg4 Nxe3 21. fxe3 Qg5 22. Qf3 Bh6 23. Nd1 f5 24. Bh3 Nc4 25. Rxa8 Rxa8 26. Re1
Ra1 27. g3 Nxe3 28. c6 bxc6 29. bxc6 Nxd1 30. c7 Rc1 31. Qxd1 Rxc7 32. Bg2 Kf7
33. Qe2 Qf6 34. Kh1 Rc1 35. Rxc1 Bxc1 36. Qb5 Be3 37. Qd7+ Qe7 38. Qa4 Qb7 39.
Bf1 e5 40. Qa6 Qxa6 41. Bxa6 {Rest in 60 min} Bxd4 42. Kg2 e4 43. Kf1 Ke6 44.
Bc8+ Ke5 45. Ke2 g5 46. Bd7 f4 47. Bg4 Bc5 48. Ke1 f3 49. Kd1 d4 50. Ke1 d3 0-1

[Event "TP 40 Züge 2 Stunden"]
[Site "?"]
[Date "2009.??.??"]
[Round "?"]
[White "Atlanta, Mephisto"]
[Black "Super Expert C, Novag"]
[Result "1-0"]
[WhiteElo "2195"]
[BlackElo "2002"]
[Annotator "Thomas Jaeger"]
[PlyCount "105"]
[EventDate "2009.??.??"]

1. d4 d5 2. Nf3 Nf6 3. c4 dxc4 4. e3 e6 5. Bxc4 c5 6. O-O a6 7. Qe2 b5 8. Bb3
Bb7 9. Rd1 Nbd7 10. Nc3 Qb6 11. a4 {letzter Buchzug} b4 {letzter Buchzug} 12.
Nb1 cxd4 13. Nxd4 Bc5 14. a5 Qc7 15. Bd2 Bd6 16. h3 Ne5 {?! 0-0 war gut} 17.
Nc2 {Tc1!} Nc6 18. Qc4 Rc8 {! gut SEC steht jetzt gut} 19. Qh4 {Atlanta spielt
zu sehr auf Eroberung des b4 und SEC sollte diesen am Besten hergeben.} Bh2+ {
?!} (19... O-O 20. Bxb4 Nxb4 21. Nxb4 Be7 22. Nd3 Bxg2 23. Kxg2 Qb7+ 24. Kg1
Qxb3 25. Nc3 Rc4 26. Qg3 Rd8) 20. Kh1 Be5 {Komplizierte Stellung mit vielen
Möglichkeiten für den SEC Fehler zu machen} 21. Nxb4 Nxa5 {da ist der schon}
22. Rxa5 {! stark, der Atlanta sieht es} Qxa5 23. Nd3 Qc7 24. Ba4+ Kf8 {Lc6
mit Aufgabe des Le5 ist besser} (24... Bc6 25. Bxc6+ Qxc6 26. Nxe5 Qe4 27. Qxe4
Nxe4 {z.B}) 25. Nxe5 Bxg2+ 26. Kxg2 Qxe5 27. Bb4+ Kg8 28. Qc4 Qe4+ 29. Qxe4
Nxe4 30. Bc6 Nf6 31. Bb7 Rb8 32. Bxa6 g6 {?!} 33. Bc3 Kg7 34. Nd2 Rhd8 35. Be2
Re8 36. Be5 Rb4 37. Kf3 Rc8 38. Bd3 Rc5 39. Bxf6+ Kxf6 40. Ne4+ Rxe4 41. Kxe4
Re5+ 42. Kf4 Rh5 43. Kg3 Rg5+ 44. Kh2 Ra5 45. b4 Ra2 46. Kg3 h5 47. b5 Rb2 48.
Rb1 Rxb1 49. Bxb1 Ke5 50. Bd3 Kd6 51. Kf4 e5+ 52. Kg5 h4 53. Kf6 1-0

[Event "TP 40 Züge 2 Stunden"]
[Site "?"]
[Date "2009.??.??"]
[Round "?"]
[White "Super Expert C, Novag"]
[Black "Atlanta, Mephisto"]
[Result "1-0"]
[WhiteElo "2002"]
[BlackElo "2195"]
[Annotator "Thomas Jaeger"]
[PlyCount "101"]
[EventDate "2009.??.??"]

1. e4 c6 2. d4 d5 3. exd5 cxd5 4. c4 Nf6 5. Nc3 e6 6. Nf3 Be7 7. cxd5 Nxd5 8.
Bb5+ Bd7 9. Bxd7+ {letzter Buchzug} Nxd7 {letzter Buchzug} 10. Nxd5 exd5 11.
O-O O-O 12. Re1 Re8 13. Qb3 Nb6 14. Bd2 Bf6 15. Rxe8+ Qxe8 16. Re1 Qd7 17. Bf4
Nc4 18. Qb4 a5 19. Qc3 Rc8 20. b3 Ne5 21. Nxe5 Bxe5 22. Qe3 Bxf4 23. Qxf4 b5
24. a3 b4 25. axb4 axb4 26. Qe5 {?! Zeitverlust! besser mit g3 ein Luftloch
schaffen} f6 27. Qf4 Kf7 28. Qf3 Rc3 {?!} 29. Qh5+ Kf8 30. Qxh7 Rxb3 31. Re2 {
?! seltsamer Zug, der nichts leistet SEC 0,00 erwartet Tc3, Dh8, Kf7, Dh5 -
warum dann nicht direkt?} (31. h4 Ra3 32. h5 Ra7 {erzwungen} 33. Re3 {und
Schwarz hat Probleme zu lösen}) 31... Qb5 32. Re1 Rb2 33. Re3 {? schade, dass
der SEC nur das remis sieht und solch unsinnige Züge macht} (33. h4 Kf7 34. h5
Re2 35. Rc1 {gewinnt Weiß wohl}) 33... Qc6 34. Re1 Rd2 35. Qh8+ Kf7 36. Qh7 {
SEC will unbedingt die Zugwiederholung hinauszögern} Rxd4 37. Qh5+ Kf8 38. Qh8+
Kf7 39. Qh5+ Kf8 40. f3 b3 {jetzt 60 min für den Rest} 41. Qh8+ Kf7 42. Qh5+
Kf8 43. Qh8+ Kf7 44. h3 {?!} Kg6 45. g4 Kg5 {? sollter SEC mit seiner Taktik
recht behalten - Kf7 und remis} 46. Qxg7+ {SEC +1,04} Kh4 {+0,6} 47. Qh6+ Kg3
48. Qe3 {SEC +0,86 sieht also noch nichts} Kxh3 {Atlanta schon + 3,0} 49. Qxd4
Qc2 50. Qf2 Qxf2+ 51. Kxf2 1-0

[Event "TP 40 Züge 2 Stunden"]
[Site "?"]
[Date "2009.??.??"]
[Round "?"]
[White "Super Expert C, Novag"]
[Black "Magellan, Mephisto"]
[Result "1/2-1/2"]
[WhiteElo "2002"]
[BlackElo "2195"]
[Annotator "Thomas Jaeger"]
[PlyCount "114"]
[EventDate "2009.??.??"]
[TimeControl "240"]

1. e4 c6 2. c4 d5 3. exd5 cxd5 4. d4 Nf6 5. Nc3 g6 6. Qb3 Bg7 7. cxd5 O-O 8.
Be2 Nbd7 9. Bf3 Nb6 {letzter Buchzug} 10. Nge2 Bg4 11. Bxg4 Nxg4 12. a4 {
letzter Buchzug} Qd7 13. a5 Nc8 14. a6 bxa6 15. h3 Nf6 16. Rxa6 Nb6 17. Qb5
Rfd8 18. Qxd7 Rxd7 19. d6 Rxd6 20. O-O {Schwarz steht jetzt etwas besser} Rd7
21. Ra5 Nfd5 {[%emt 0:00:00]} 22. Nxd5 Nxd5 23. Rc5 h5 24. Rd1 Bf6 25. Nc3 Nc7
26. Rc4 Ne6 27. Be3 Rad8 28. d5 Bxc3 29. Rxc3 a5 30. Bc5 Nf4 31. Ra3 Rb8 32.
Rxa5 Rxb2 33. Be3 Ne2+ 34. Kf1 Rc7 35. Re1 Rcc2 36. Ra8+ Kh7 37. Re8 (37. Rf8
Kg7 38. Re8 Kf6 39. d6 exd6 40. Rxe2 Rxe2 41. Bd4+) 37... Nc3 38. Bd4 g5 39.
R8xe7 Kg6 40. Re8 Rd2 {60 min für den Rest} 41. Rg8+ Kh6 42. Bc5 Nxd5 43. Bf8+
Kh7 44. Rg7+ Kh6 45. Rxf7+ Kg6 46. Rf3 h4 47. Ba3 Ra2 48. Re6+ Kh5 49. Bf8 Rd1+
50. Re1 Rxe1+ 51. Kxe1 Nf4 52. Bd6 Ra1+ 53. Kd2 Nxg2 54. Ke2 Re1+ 55. Kd2 Ra1
56. Ke2 Re1+ 57. Kd2 Ra1 1/2-1/2

[Event "TP 40 Züge 2 Stunden"]
[Site "?"]
[Date "2009.??.??"]
[Round "?"]
[White "Magellan, Mephisto"]
[Black "Super Expert C, Novag"]
[Result "1-0"]
[WhiteElo "2195"]
[BlackElo "2002"]
[Annotator "Thomas Jaeger"]
[PlyCount "73"]
[EventDate "2009.??.??"]
[TimeControl "240"]

1. c4 c5 2. Nf3 Nf6 3. g3 {letzter Buchzug!} b6 {letzter Buchzug} 4. d3 Bb7 5.
Bg2 Nc6 6. Ne5 Qc7 7. Nxc6 Bxc6 8. Bxc6 Qxc6 9. O-O e6 10. e4 d5 {? mit dem
König in der Mitte ein glatter Fehler} 11. exd5 exd5 12. cxd5 (12. Re1+ Be7 13.
Bg5 d4 14. Bxf6 Qxf6 15. Qa4+ Kf8 16. Nd2) 12... Qxd5 13. Qa4+ {?!} Qd7 14.
Qxd7+ Kxd7 15. Be3 Be7 16. d4 cxd4 17. Bxd4 Rad8 18. Rd1 Kc8 19. Nc3 Kb7 20.
Rac1 a6 21. Kg2 Rhe8 22. f4 h5 23. h3 h4 24. g4 g6 {Td7 ist wohl besser} 25.
Bf2 Rh8 26. g5 Nh5 27. Kf3 f5 {? so verliert SEC schnell} 28. Nd5 Bd6 29. Bxb6
Bxf4 30. Nxf4 Rxd1 31. Rxd1 Kxb6 32. Rd6+ Kc5 33. Rxg6 Nxf4 34. Kxf4 Rb8 35.
Rxa6 Rxb2 36. Kxf5 Rh2 37. Kg4 1-0

[Event "TP 40 Züge 2 Stunden"]
[Site "?"]
[Date "2009.??.??"]
[Round "?"]
[White "Lyon 68020, Mephisto"]
[Black "Super Expert C, Novag"]
[Result "1/2-1/2"]
[WhiteElo "2169"]
[BlackElo "2002"]
[Annotator "Thomas Jaeger"]
[PlyCount "168"]
[EventDate "2009.??.??"]
[TimeControl "240"]

1. c4 e5 2. Nc3 Nf6 3. Nf3 e4 4. Ng5 b5 {!? SEC spielt ein Gambit} 5. d3 (5.
cxb5 d5 6. d4 Bd6 7. g3) 5... exd3 {letzter Buchzug} 6. exd3 {letzter Buchzug}
(6. cxb5 dxe2 7. Bxe2 {Weiß steht doch besser}) 6... bxc4 7. dxc4 Bb4 8. Bf4
Bxc3+ 9. bxc3 h6 10. Qe2+ Kf8 11. Nf3 Bb7 12. Rb1 Be4 13. Rd1 Nc6 14. Qe3 Kg8 (
14... g5 {!} 15. Bg3 Kg7) 15. Be2 d6 16. O-O Qd7 17. c5 Bc2 18. cxd6 {!} Bxd1
19. Rxd1 cxd6 20. Rxd6 Qb7 21. Qd3 Re8 22. Qb5 {Weiß hat nur einen Bauern für
die Qualität, doch der Th8 spielt (noch) nicht mit.} Qe7 (22... Qxb5 23. Bxb5
Rb8 24. a4 Ne7 25. Bd3 Re8 26. c4 Ng6 27. Be3 Re7 28. c5 Kh7 29. c6 Rb8 30. g3
Kg8) 23. Bd3 Nd8 24. Ra6 {[%emt 0:00:29] Weiß hat 60 Zugmöglichleiten, Schwarz
nur} Ne6 25. Bd6 Qd8 26. h3 Qc8 27. Be5 Rd8 28. Rxa7 Rd7 29. Rxd7 Nxd7 30. Bc4
Ng5 31. Nxg5 Nxe5 32. Qxe5 hxg5 33. Bd5 Rh6 {SEC hat sich gut vertreidigt} 34.
c4 Rb6 {g4!} 35. Qxg5 Rb1+ 36. Kh2 Qc7+ 37. f4 Rc1 38. Qf5 Kf8 39. Kg3 Rc3+ 40.
Kg4 Ra3 {ab jetzt 60 min für den Rest} 41. Qh7 Qd7+ 42. f5 Qd6 43. Qh8+ Ke7 44.
Qh4+ Kf8 45. Qf2 Ra4 46. Qf4 Qxf4+ 47. Kxf4 {die Stellung ist ausgeglichen,
aber der Lyon sicherlich der bessere "Endspieler"} Ke7 48. Ke5 Rxa2 49. f6+
gxf6+ 50. Kf4 Rf2+ 51. Kg4 Re2 52. h4 Kf8 53. Kf3 Re1 54. Kf4 Rf1+ 55. Ke4 Ke7
56. g3 f5+ 57. Ke3 Kf6 58. Bf3 Ke5 {SEC sieht sich +1,04!?} 59. Bd5 f6 60. h5
f4+ {! de einzig gute Zug!} 61. gxf4+ Rxf4 62. c5 {Lyon -0,72} Ra4 63. Bg2 Ra2
64. Bf3 Ra3+ 65. Kf2 Ra7 {schade} (65... Kf4 66. Bb7 Ra2+ 67. Kf1 Rc2 68. c6
Kg5 69. Ke1 Kxh5 70. Kd1 Rc5) 66. Ke3 f5 67. c6 f4+ 68. Kd3 Ra3+ 69. Ke2 (69.
Kd2) 69... Ra1 70. Kd3 Rf1 71. Ke2 Rc1 72. h6 Kf6 73. Be4 Rc3 74. Kf2 Kf7 75.
Kg2 Kf8 76. Bd5 {hier kann keiner gewinnen} Rd3 77. Bf3 Kf7 78. Be4 Rc3 {SEC
sieht sich immer noch vorne, daher geht es weiter} 79. Kg1 Kg8 80. Kf2 Kh8 81.
Kg2 Rg3+ 82. Kf2 Re3 83. Bf5 Rc3 84. Be4 Kg8 1/2-1/2

[Event "TP 40 Züge 2 Stunden"]
[Site "?"]
[Date "2009.??.??"]
[Round "?"]
[White "Super Expert C, Novag"]
[Black "Lyon 68020, Mephisto"]
[Result "0-1"]
[WhiteElo "2002"]
[BlackElo "2169"]
[Annotator "Thomas Jaeger"]
[PlyCount "74"]
[EventDate "2009.??.??"]
[TimeControl "240"]

1. e4 d6 2. d4 Nf6 3. Nc3 g6 4. f4 Bg7 5. Nf3 O-O 6. e5 Nfd7 7. Bc4 Nb6 8. Bb3
Nc6 9. Be3 Na5 10. Qe2 Nxb3 11. axb3 f6 {letzter Buchzug} 12. O-O {letzter
Buchzug} Bf5 13. exd6 {[%emt 0:00:00]} exd6 14. d5 Qe7 15. Qf2 Rfe8 16. Bxb6
axb6 17. Rxa8 Rxa8 18. Re1 Qd8 19. Nd4 Qc8 20. Ne6 Qd7 21. Nxg7 Qxg7 22. Kh1 {
? blöder Zug} Qd7 23. Qe2 Kf7 24. h3 Re8 25. Qxe8+ Qxe8 26. Rxe8 Kxe8 27. Nb5
Bxc2 28. Nxc7+ Kd8 29. Na8 {? verliert schon} (29. Nb5 Bxb3 30. Nxd6 Bxd5 31.
f5 g5 32. Kg1 Kd7 33. Nb5) (29. Ne6+ Ke7 30. b4 Bb3 31. Kg1 Bxd5 32. Nd4) 29...
b5 30. Nb6 h5 {Lyon erst +0,63} 31. Kg1 h4 {jetzt 2,21} 32. Kf2 {jetzt sieht
es auch der SEC - 1,97} Kc7 33. Na8+ Kb8 34. Nb6 Bf5 35. Ke3 Ka7 36. Nc4 bxc4
37. bxc4 b5 0-1

[Event "TP 40 Züge 2 Stunden"]
[Site "?"]
[Date "2009.??.??"]
[Round "?"]
[White "Super Expert C, Novag"]
[Black "Star Diamond, Novag"]
[Result "1/2-1/2"]
[WhiteElo "2002"]
[BlackElo "2161"]
[Annotator "Thomas Jaeger"]
[PlyCount "112"]
[EventDate "2009.??.??"]
[TimeControl "240"]

1. e4 e5 2. Nf3 Nc6 3. Bb5 a6 4. Ba4 Nf6 5. O-O Nxe4 6. d4 b5 7. Bb3 d5 8. dxe5
Be6 9. c3 Bc5 10. Nbd2 O-O 11. Bc2 Nxf2 12. Rxf2 f6 13. exf6 Bxf2+ 14. Kxf2
Qxf6 15. Nf1 Ne5 16. Kg1 Nxf3+ {letzter Buchzug SD wieder diese Novag-Variante}
17. Qxf3 Qxf3 18. gxf3 Rxf3 19. Be3 Bh3 20. Bc5 Re8 21. Ng3 {letzter Buchzug
SEC - die Steung ist ausgeglichen} h6 {SD bereits 39 min verbraucht} 22. Bg6 {
a4} Re6 23. Bh5 {die ersten 2 errechneten Züge des SEC sind nicht gut} Rd3 24.
Ne2 Re5 25. Nf4 Rg5+ 26. Kf2 Rd2+ 27. Be2 {noch ein Fehler} Bg4 28. b3 Rxe2+
29. Nxe2 Rf5+ 30. Ke3 Re5+ 31. Kd4 Rxe2 32. Kxd5 Bf3+ 33. Kd4 Rxh2 34. Rf1 {
[%emt 0:00:00]} Bh1 35. Rf8+ Kh7 36. a3 c6 37. Ra8 {SEC pondert fats jeden Zug
hat bisher erst 30 min Zeit verbraucht!?} Rd2+ {?} (37... h5 38. Rxa6 h4 39.
Ke3 h3 40. Bd6 Rc2 41. c4 h2 42. a4 Re2+ 43. Kxe2 Bf3+ 44. Kxf3 h1=Q+ {z.B.})
38. Ke3 Rb2 39. Ra7 Rxb3 40. Bd4 h5 {jetzt 60 min für den Rest SEC verschent
70 min Zeit!} 41. a4 {? wieder sofort gezogen - ein Fehler} bxa4 42. Rxg7+ Kh6
43. Ra7 h4 44. Rxa6 Ra3 {sieht seltsam aus} 45. Ra8 Ra1 46. c4 Ra3+ 47. Kf4 h3
48. Rh8+ Kg6 49. Rg8+ Kf7 50. Rg7+ Kf8 51. Rg1 Bg2 {+1,46?} (51... Rd3 52. Bc5+
Kf7 53. Rxh1 Rc3 54. Ke5 Rxc4 55. Kd6 Rc3 {ist aber auch remis, oder?}) 52.
Bc5+ Kf7 53. Bxa3 h2 54. Re1 h1=Q 55. Rxh1 Bxh1 56. Ke5 {-0,59} Ke8 {1,00 aber
mehr remis geht eigentlich nicht} 1/2-1/2

[Event "TP 40 Züge 2 Stunden"]
[Site "?"]
[Date "2009.??.??"]
[Round "?"]
[White "Star Diamond, Novag"]
[Black "Super Expert C, Novag"]
[Result "1-0"]
[WhiteElo "2161"]
[BlackElo "2002"]
[Annotator "Thomas Jaeger"]
[PlyCount "91"]
[EventDate "2009.??.??"]
[TimeControl "240"]

1. e4 c5 2. Nf3 e6 3. d4 cxd4 4. Nxd4 Nc6 5. Nc3 Qc7 6. Be2 a6 7. f4 b5 8. Nxc6
Qxc6 9. Bf3 Bb7 {letzter Buchzug} 10. e5 {letzter Buchzug} Qc7 11. Ne4 Rc8 12.
c3 Nh6 13. a4 b4 14. cxb4 Bxe4 15. Bxe4 Bxb4+ 16. Kf1 d5 17. Bd3 Qb7 18. Be3
O-O 19. Qb1 {?} Ng4 20. Bd4 Bd2 21. h3 Rc1+ 22. Qxc1 Bxc1 23. Rxc1 Nh6 {+ 1,46
SEC steht klar besser, doch ist das nicht leicht zu gewinnen} 24. Ke2 {SD -1,30
} Nf5 25. Bxf5 exf5 26. Rhd1 Qb3 27. Rd3 Qxa4 28. Rc7 Re8 29. g3 Qb5 30. b3 {
SD sieht sich nur 0,61 hinten} f6 31. Kd2 Qa5+ 32. Rdc3 Qa2+ 33. Kc1 Qg2 34. h4
g6 {? von SD erwartet!} 35. Rc8 Rxc8 36. Rxc8+ {plötzlich muss SEC ums remis
kämpfen} Kf7 37. exf6 Qxg3 38. Rc7+ Ke6 39. Re7+ Kd6 40. Be5+ Kc6 (40... Kc5
41. Rc7+ Kb4 42. Rc3 Qxh4 43. f7 Qe7 44. Rc7 Qf8) 41. Rc7+ Kb6 42. f7 Qe1+ {
Rest in 60 min ( den 40. Zug knapp verpasst :-))} 43. Kb2 Qd2+ 44. Rc2 Qb4 45.
Bg7 Kb5 46. f8=Q {unglaublich, dass derSD noch gewann} 1-0

[Event "TP 40 Züge 2 Stunden"]
[Site "?"]
[Date "2009.??.??"]
[Round "?"]
[White "Sapphire, Novag"]
[Black "Super Expert C, Novag"]
[Result "0-1"]
[WhiteElo "2097"]
[BlackElo "2002"]
[Annotator "Thomas Jaeger"]
[PlyCount "134"]
[EventDate "2009.??.??"]
[TimeControl "240"]

1. d4 Nf6 2. c4 g6 3. Nc3 Bg7 {wer spielt schon sonst Königsindisch} 4. e4 d6
5. f4 {und wer den 4- Bauernangriff} O-O 6. Nf3 c5 7. d5 e6 8. dxe6 fxe6 9. Be2
Nh5 10. g3 Nf6 11. e5 dxe5 12. Qxd8 Rxd8 13. fxe5 Ng4 14. Bg5 Rd7 15. Ne4 Nxe5
16. Nxe5 Bxe5 17. O-O Kg7 18. Nf6 Rf7 {letzter Buchzug} 19. Ne8+ {letzter
Buchzug} Kg8 20. Bf6 Nd7 21. Bxe5 Nxe5 22. Rad1 (22. Nf6+ Kg7 23. Ne8+ Kg8 {
remis?}) 22... Rxf1+ 23. Bxf1 Rb8 24. Nd6 Kg7 25. Kf2 {seltsamer Zug - jetzt
hat Weiß wenig Ersatz für den B} b6 26. Be2 Bd7 27. Ke3 Rf8 28. Ne4 h6 29. h4
Bc6 30. g4 Bxe4 31. Kxe4 Rf2 32. Rd2 Nc6 33. Ke3 Rh2 34. h5 gxh5 35. gxh5 Kf6
36. Bg4 Rxd2 37. Kxd2 a6 38. a4 Ke5 39. Ke3 Nd4 40. a5 bxa5 41. Bh3 a4 42. Bg2
Nc2+ {?} 43. Kd2 Nb4 44. Bh3 Nc6 45. Bg2 Nb8 {SEC hat keinen Plan} 46. Ke3 Kd6
47. Bb7 a5 48. Be4 Nc6 49. Kd3 Ne5+ 50. Kc3 Ng4 51. Bg6 Ke5 52. Bf7 Nf6 53. Kd2
Kf5 54. Bg6+ Kf4 55. Bc2 Nxh5 56. Bxa4 Ng3 57. Bb5 e5 58. Ba4 h5 59. Bd7 h4 60.
Ke1 e4 61. Bh3 e3 62. b3 Kf3 63. Be6 Kg2 64. Bd5+ Kh2 65. Be6 h3 66. Bc8 Kg2
67. Bb7+ Kg1 0-1